01684nam a2200373 a 4500001001000000003000500010005001700015008004100032010001100073011001100084040000900095090001000104100003800114245025400152260004100406500006000447502008600507590004100593590004100634590004000675590004000715590004000755650002800795650003400823650004000857650003500897856007000932901000701002942001001009942000601019999001901025952013101044952013501175000114518CHAP20220329144444.0180209s2017 mx a fsm |||||||spa d a110979 a111951 cCHAP aTesis1 aCruz López, Arely Elvia913463110aCaracterización de películas biodegradables elaboradas a base de mucílago de diferentes vaiedades de nopal (Opuntia ficus-indica) para ser usadas como recubrimientos en productos hortofrutícolas /h[En línea]cpor Arely Elvia Cruz López. aChapingo, Méx. :bEl autor,c2017. aPara ver el contenido del material haga clic en la liga aTesis (Ing. Agroindustrial ) -- UACH. Departamento de Ingeniería Agroindustrial aBATCH-UPDb10c20180212lUCH01h1050 aE11695DGDb10c20180212lUCH01h1049 aE8697GMMb05c20180209lUCH01h1135 aE8697GMMb05c20180209lUCH01h1208 aE8697GMMb05c20180212lUCH01h090814aFilm comestible.94088114aFrutaxConservación.94360214aHortalizasxConservación.913463214aNopalxAprovechamiento.981651 aFinding aiduhttp://10.13.5.2/tesis/sist114518.pdfzTeclea aquí aBK cTESIS n0 c110979d110979 00104054718TESISaBCbBCd2018-02-09fTESISl0oTesisp114518-10r2019-12-31 00:00:00w2019-12-31yTESISzRecien adquirido 00102local4053708TESISaBCbBCcPA_TESISd2018-02-09fTESISl0oTesisp114518-20r2019-12-31 00:00:00tc.2w2019-12-31yTESIS